Statistiques concernant They Shoot Pictures, Don't They? - films 141 à 160

Cliquez ici pour prendre le quiz!

Statistiques générales

  • Ce quiz a été pris 54 fois
  • Le résultat moyen est 9 sur 20

Statistiques - réponses

Réponse% Correct
E.T., l'extra-terrestre
100%
Vol au-dessus d'un nid de coucou
86%
Nosferatu, le vampire
83%
Mon voisin Totoro
79%
Les Parapluies de Cherbourg
71%
Autant en emporte le vent
67%
Le Bon, la Brute et le Truand
64%
Manhattan
52%
Les Moissons du Ciel
50%
Chungking Express
40%
Conversation secrète
40%
L'Argent
38%
Un chien andalou
29%
Les Petites Marguerites
24%
Céline et Julie vont en bateau
21%
Cris et chuchotements
19%
Rome, ville ouverte
19%
Wanda
12%
Haute pègre
5%
Killer of Sheep
0%

Distribution des résultats

Percentile par nombre de réponses

% des personnes avec chaque résultat

Votre développement - résultats

Vous n’avez pas pris ce quiz